| 000 | 00357nam a2200097Ia 4500 | ||
|---|---|---|---|
| 082 | _a352.283|SIDD | ||
| 245 | 0 | _aThe failure of decentralisation in South African local government : complexity and unanticipated consequences | |
| 100 |
_a Siddle, A. M. Cape Town, South Africa, 2012 _960027 |
||
| 942 | _cBK | ||
| 008 | 210817s9999 xx 000 0 und d | ||
| 999 |
_c188815 _d188812 |
||